000 01166caa a2200289 ib4500
003 SA-RiAUC
005 20260220120751.0
008 260218s2007 su g b f000f0 ara c
040 _aSA-JeALM
_bara
_cSA-RiAUC
_erda
082 0 4 _a241
090 _a241
_bي م ا
100 1 _aيماني، نجيب عصام
_eمؤلف.
245 1 0 _aالمكتشفات العلمية الحديثة في ضوء النصوص الشرعية الكونية
_cنجيب عصام يماني
264 _a[مكان النشر غير محدد] :
_b[الناشر غير محدد]،
_c( 2013 )
300 _a328 صفحة
_bصور وايضاحات
_c24 سم.
336 _aنص
_btxt
_2rdacontent
_3كتاب
337 _aبدون وسيط
_bn
_2rdamedia
650 7 _aالإلهيات (علم الكلام)
_2aucsh
650 7 _aالنبوات
_2aucsh
650 7 _aالعلوم متعددة التخصصات
_2ISI
653 _aالنبوة
653 _aالربوبية
653 _aمنهج الاستدلال بالقرآن
653 _aمنهج الاستدلال بالمكتشفات العلمية
942 _2ddc
_cBOOK
_n0
949 _aSA-JeALM
_d260218
_uosman123
_n1
999 _c14394
_d14394